000 00440nam a22001697a 4500
003 MPLRDC
005 20220104114129.0
008 210129b ||||| |||| 00| 0 eng d
082 _a782.8571 CJSH-3 v.2
100 _a苏赫巴鲁
245 _a成吉思汗传说. 下卷
_c
250 _a一版一刷
260 _a
_b北方妇女儿童出版社
_c1985
300 _b
650 _a成吉思汗传记
942 _cBK
_o782.8571 CJSH-3 v.2
999 _c5050
_d5040